1082 1189 1783 1422 1103 1201 1436 1583 1209 1729 1319 1901 1735 1624 1868 1047 1849 1066 1509 1441 1574 1689 1454 1155 1609 1804 1890 1366 1439 1098 1574 1256 1381 1054 1811 1504 1137 1395 1464 1254 1434 1000 1761 1947 1357 1507 1191 1353 1086 1463 1904 1282 1159 1631 1227 1696 1943 1985 1063 1903 1977 1351 1172 1740 1113 1156 1170 1056 1115 1954 1573 1004 1346 1218 1921 1830 1530 1064 1887 1962 1008 1016 1556 1509 1760 1014 1112 1848 1007 1868 1186 1825 1880 1420 1694 1766 1499 1881 1856 BCNSPRNW ULIB Ver.6.0+V

เปลี่ยนเป็นภาษาไทย

Change to English
 แสดงรายละเอียดบรรณานุกรม
  กลับหน้าหลัก

Brief Record : Get Marc (ISO 2709) : E-mail record : QR code < ปิดหน้าต่าง
LEADER : 00000nam 2200000uu 4500
001    13399128368
003     ULIB
008    230707s2564||||th 000 0 tha d
020    ^a9786165885508
060 04 ^aWI755^bร924
245 00 ^aโรคถุงน้ำดีอักเสบเฉียบพลัน =^bAcute cholecystitis /^cวิริยาพรฤทธิทิศ, บรรณาธิการ
246 31 ^aAcute cholecystitis
250    ^aพิมพ์ครั้งที่ 1
260    ^aกรุงเทพฯ :^bสาขาวิชาโรคทางเดินอาหาร ภาควิชาอายุรศาสตร์คณะแพทยศาสตร์ จุฬาลงกรณ์มหาวิทยาลัย,^c2564
300    ^ax, 284 หน้า :^bภาพประกอบ ;^c27 ซม.
650  2 ^aCholecystitis, Acute
650  2 ^aCholelithiasis
650  4 ^aถุงน้ำดี, โรค
700 0  ^aวิริยาพร ฤทธิทิศ,^eบรรณาธิการ
710  0 ^aจุฬาลงกรณ์มหาวิทยาลัย.^bคณะแพทยศาสตร์.^bภาควิชาอายุรศาสตร์.^bสาขาโรคทางเดินอาหาร
945    ^p550^l0^i009821
945    ^p550^l0^i009822
945    ^p550^l0^i009823
999    ^aประนอม เกษจรัล
รายการนี้ยังไม่มีแท็ก
คุณยังไม่ได้ล็อกอิน คุณสามารถมีกิจกรรมร่วมกับเว็บไซต์ได้ แต่ต้องล็อกอินก่อน ::
  ล็อกอิน

รายการสื่อสารสนเทศ

ลำดับที่ ประเภท เลขเรียก/บาร์โค้ด สถานที่ สถานะ
1. วิทยาศาสตร์การแพทย์ และสุขภาพ
หนังสือสำรอง
สถานะ=หนังสือสำรอง
WI755 ร924 ฉ.1 
  Barcode: 009821
ห้องสมุดวิทยาเขตสวรรค์ประชารักษ์
►หนังสือทั่วไป
บนชั้น
2. วิทยาศาสตร์การแพทย์ และสุขภาพ
วิทยาศาสตร์การแพทย์ และสุขภาพ
WI755 ร924 ฉ.2 
  Barcode: 009822
ห้องสมุดวิทยาเขตสวรรค์ประชารักษ์
►หนังสือทั่วไป
บนชั้น
3. วิทยาศาสตร์การแพทย์ และสุขภาพ
วิทยาศาสตร์การแพทย์ และสุขภาพ
WI755 ร924 ฉ.3 
  Barcode: 009823
ห้องสมุดวิทยาเขตสวรรค์ประชารักษ์
►หนังสือทั่วไป
บนชั้น

รายการใกล้เคียง
    หัวเรื่อง [Cholecystitis, Acute]
    หัวเรื่อง [Cholelithiasis]
    หัวเรื่อง [ถุงน้ำดี, โรค]

BibComment


ยังไม่เคยถูกคอมเมนท์

คอมเมนท์ทรัพยากรรายการนี้
  คอมเมนท์: โรคถุงน้ำดีอักเส..


 Copyright 2026. Bcnsprnw @Library